Kalahandi: human encounter with drought (Record no. 611527)

MARC details
000 -LEADER
fixed length control field 00799nam a2200253Ia 4500
003 - CONTROL NUMBER IDENTIFIER
control field OSt
005 - DATE AND TIME OF LATEST TRANSACTION
control field 20260129110231.0
008 - FIXED-LENGTH DATA ELEMENTS--GENERAL INFORMATION
fixed length control field 220923b |||||||| |||| 00| 0 eng d
020 ## - INTERNATIONAL STANDARD BOOK NUMBER
International Standard Book Number 818597242727
037 ## - SOURCE OF ACQUISITION
Terms of availability General Book
040 ## - CATALOGING SOURCE
Original cataloging agency RTL
Transcribing agency RTL
Language of cataloging eng
041 ## - LANGUAGE CODE
Source of code eng
Language code of text/sound track or separate title eng
084 ## - COLON CLASSIFICATION NUMBER
Classification number Y:4352.271C.N9, N3
Assigning agency RTL
245 #0 - TITLE STATEMENT
Title Kalahandi: human encounter with drought
260 ## - PUBLICATION, DISTRIBUTION, ETC.
Place of publication, distribution, etc. New Delhi
Name of publisher, distributor, etc. Reliance
Date of publication, distribution, etc. 1993
300 ## - PHYSICAL DESCRIPTION
Extent xxi, 151 p.
Other physical details Includes bibliographical references and index.
500 ## - GENERAL NOTE
General note Bibliography chapterwise
650 ## - SUBJECT ADDED ENTRY--TOPICAL TERM
Topical term or geographic name entry element Disaster
9 (RLIN) 1112607
650 ## - SUBJECT ADDED ENTRY--TOPICAL TERM
Topical term or geographic name entry element Sociology
9 (RLIN) 1112608
700 ## - ADDED ENTRY--PERSONAL NAME
Personal name Nayak P K;
9 (RLIN) 308836
Relator term Editor
700 ## - ADDED ENTRY--PERSONAL NAME
Personal name Mahajan Anil
Relator term Editor
9 (RLIN) 1112609
942 ## - ADDED ENTRY ELEMENTS (KOHA)
Classification part Y:4352.271C.N9, N3
Koha item type General Books
Source of classification or shelving scheme Colon Classification (CC)
Suppress in OPAC No
Holdings
Withdrawn status Lost status Source of classification or shelving scheme Damaged status Not for loan Home library Current library Date acquired Total Checkouts Full call number Barcode Date last seen Price effective from Koha item type
    Colon Classification (CC)     Ratan Tata Library Ratan Tata Library 2022-09-26   Y:4352.271C.N9, N3 RT1052028 2022-09-26 2022-09-26 General Books
Copyright @ Delhi University Library System